Sports Quiz

Random Sports Quiz

Most Appearances - West Ham United Quiz Stats

 Plays Quiz not verified by Sporcle

Also try: Atlantic 10
Challenge
Share
Tweet
Embed
Score 0/39 Timer 06:00
0 Plays Today
Debut Player % Correct
1967Trevor Brooking
94.9%
1958Bobby Moore
94%
1967Billy Bonds
89.4%
1959Geoff Hurst
88.5%
1962Martin Peters
87.6%
1951John Bond
83.4%
1967Frank Lampard Sr
81.1%
1977Alvin Martin
78.3%
1976Alan Devonshire
78.3%
1983Tony Cottee
75.6%
1988Julian Dicks
74.2%
1978Phil Parkes
73.3%
1985Steve Potts
71.4%
1953John Dick
70%
1979Ray Stewart
59%
1920Vic Watson
51.2%
1990Ludek Miklosko
51.2%
1970Tommy Taylor
50.7%
1984Tony Gale
47.5%
1975Geoff Pike
46.5%
Debut Player % Correct
1952Ken Brown
38.2%
1960Ronnie Boyce
31.8%
1984George Parris
31.8%
1969Pat Holland
30.4%
1970John McDowell
29.5%
1921Jimmy Ruffell
21.2%
1912Syd Puddefoot
20.3%
1953Malcolm Musgrove
16.1%
1939Ernie Gregory
15.7%
1924Jim Barrett
11.1%
1933Len Goulden
9.2%
1953Andy Malcolm
8.8%
1915Ted Hufton
8.3%
1934Dick Walker
5.5%
1924Jimmy Collins
4.6%
1938Terry Woodgate
1.8%
1936Sam Small
0.9%
1923Tommy Yews
0.5%
1908Herbert Ashton
0.5%

You're not logged in!

Compare scores with friends on all Sporcle quizzes.
Join for Free
OR
Log In

You Might Also Like...

Show Comments

Extras

Created Apr 5, 2011ReportNominate
Tags:300, app, appearance, debut, ham, least, player, united, west

Top Quizzes Today


Score Distribution

Your Account Isn't Verified!

In order to create a playlist on Sporcle, you need to verify the email address you used during registration. Go to your Sporcle Settings to finish the process.

Report this User

Report this user for behavior that violates our Community Guidelines.

Details: